| Tag |
First Indicator |
Second Indicator |
Subfields |
| LEADER |
00000cam a22000001a 4500 |
| 001 |
in00003194413 |
| 006 |
m d f |
| 007 |
cr bn mmmapmmp |
| 008 |
090922s1977 dcu o f000 0 eng d |
| 005 |
20260511205443.5 |
| 035 |
|
|
|a cis2007443001
|
| 040 |
|
|
|a UMI
|c UMI
|d UtOrBLW
|
| 043 |
|
|
|a n-us---
|
| 074 |
|
|
|a 1043
|
| 086 |
0 |
|
|a Y 4.H 88:B 56/977
|
| 099 |
|
|
|a HRG-1977-SHR-0055
|
| 110 |
1 |
|
|a United States.
|b Congress.
|b Senate.
|b Committee on Human Resources.
|b Subcommittee on Labor.
|
| 245 |
1 |
0 |
|a Oversight of the administration of the black lung program, 1977 :
|b hearings before the Subcommittee on Labor, of the Committee on Human Resources, United States Senate, Ninety-fifth Congress, first session ... April 4 and 6, 1977.
|
| 264 |
|
1 |
|a Washington :
|b U.S. Govt. Print. Off,
|c 1977.
|
| 300 |
|
|
|a 1 online resource.
|
| 336 |
|
|
|a text
|b txt
|2 rdacontent
|
| 337 |
|
|
|a computer
|b c
|2 rdamedia
|
| 338 |
|
|
|a online resource
|b cr
|2 rdacarrier
|
| 538 |
|
|
|a System requirements: PDF reader software.
|
| 500 |
|
|
|a Electronic resource.
|
| 650 |
|
0 |
|a Lungs
|x Dust diseases.
|
| 650 |
|
0 |
|a Disability insurance
|z United States.
|
| 655 |
|
7 |
|a Electronic books.
|2 local
|
| 710 |
2 |
|
|a ProQuest (Firm)
|
| 776 |
0 |
8 |
|i Print version:
|a United States. Congress. Senate. Committee on Human Resources. Subcommittee on Labor.
|t Oversight of the administration of the black lung program, 1977
|w (OCoLC)03209130
|w gp 77015707
|
| 776 |
0 |
8 |
|i Microfiche version:
|a United States. Congress. Senate. Committee on Human Resources. Subcommittee on Labor.
|t Oversight of the administration of the black lung program, 1977.
|d [Bethesda, Md.] : ProQuest,[2004]
|o CIS 77 S411-15
|w (ProQuest)cis07702855
|
| 830 |
|
0 |
|a U.S. Congressional Hearings.
|
| 856 |
4 |
0 |
|u http://proxy.library.tamu.edu/login?url=https://congressional.proquest.com/congcomp/getdoc?HEARING-ID=HRG-1977-SHR-0055
|z Connect to the full text of this electronic book
|t 0
|
| 998 |
|
|
|a cis07702855
|
| 999 |
|
|
|a MARS
|
| 999 |
f |
f |
|s 88b1260f-f899-3249-9667-c02d4f9f6a8b
|i 97c6eb3e-727c-35b0-bafc-0f136f04c53c
|t 0
|
| 952 |
f |
f |
|a Texas A&M University
|b College Station
|c Electronic Resources
|s www_evans
|d Available Online
|t 0
|e HRG-1977-SHR-0055
|h Other scheme
|
| 998 |
f |
f |
|a HRG-1977-SHR-0055
|t 0
|l Available Online
|